Theology and tafsir in the major works of Fakhr al-Din al-Razi /
Saved in:
| Main Author: | |
|---|---|
| Format: | Thesis |
| Language: | English |
| Published: |
Edinburgh :
University of Edinburgh Press,
1980
|
| Subjects: | |
| Tags: |
Add Tag
No Tags, Be the first to tag this record!
|
| LEADER | 016050000a22003730004500 | ||
|---|---|---|---|
| 001 | 44398 | ||
| 005 | 20090824124300.0 | ||
| 008 | 921002s1980 enk g m 000 0 eng d | ||
| 035 | |a 197288 | ||
| 035 | |a (Sirsi) 44398 | ||
| 040 | |a UIAM |b eng |e rda | ||
| 050 | 0 | |a BP166 | |
| 100 | 1 | |a Ceylan, Yasin, |e author | |
| 245 | 1 | 0 | |a Theology and tafsir in the major works of Fakhr al-Din al-Razi / |c presented by Yasin Ceylan |
| 264 | 1 | |a Edinburgh : |b University of Edinburgh Press, |c 1980 | |
| 300 | |a ix, 264 pages ; |c 30 cm. | ||
| 336 | |2 rdacontent |a text | ||
| 337 | |2 rdamedia |a unmediated | ||
| 338 | |2 rdacarrier |a volume | ||
| 500 | |a Abstract in English. | ||
| 500 | |a "Thesis presented for the degree of Ph. D in the Faculty of Arts, University of Edinburgh."--On title page. | ||
| 502 | |a Thesis (Ph. D.)--University of Edinburgh, 1980. | ||
| 533 | |a Photocopy - The British Library Lending Division | ||
| 596 | |a 1 5 | ||
| 600 | 1 | 0 | |a Razi, Fakhr al-Din Muhammad ibn 'Umar, |d 1149 or 50-1210 |
| 600 | 1 | 0 | |a Razi, Fakhr al-Din Muhammad ibn 'Umar, |d 1149 or 50-1210 |x Views on Islamic theology |
| 650 | 0 | |a Theology, Islamic | |
| 650 | 0 | |a Muslim philosophers |z Afghanistan | |
| 655 | 0 | 7 | |a Theses, non-IIUM |
| 710 | 1 | |a University of Edinburgh. |b Faculty of Arts | |
| 900 | |a non-so-nznm-za | ||
| 999 | |c 110177 |d 140966 | ||
| 952 | |0 0 |1 0 |4 0 |6 BP 000166 C425T |7 0 |8 GENERAL |9 168551 |a IIUM |b IIUM |c OPEN |g 0.00 |o BP166C425T |p 00000012940 |r 2018-01-22 |t 1 |v 0.00 |y BOOKGEN | ||
| 952 | |0 0 |6 T BP 000166 C425T 1980 |7 0 |8 THESES |9 774009 |a SMNAL |b SMNAL |c MULTIMEDIA |g 0.00 |o t BP 166 C425T 1980 |p 00000793305 |r 1900-01-02 |t 1 |v 0.00 |y THESIS | ||
